000 00533nam a2200217Ia 4500
003 OSt
005 20230411155651.0
008 210423s2018 xx 000 0 und d
020 _a978-0-19-946632-0
040 _cAL
041 _aeng
082 _a928
_223
_bANAS
100 _aANANTHAMURTHY (U R)
_986410
245 _aSuragi
260 _aNew Delhi
_bOxford University Press
_c2018
300 _ax,380
_bPB
365 _b650
_cINR
650 _aBiography
_986411
906 _aSuragi ; U R Ananthamurthy
942 _2ddc
_cBK
999 _c169699
_d169699